| 000 | 00358nam a2200133Ia 4500 | ||
|---|---|---|---|
| 005 | 20251222141943.0 | ||
| 008 | 251222s9999||||xx |||||||||||||| ||spa|| | ||
| 020 | _a84-368-1601-3 | ||
| 082 | _a373.011/S17 | ||
| 100 | _aSaldaña, Carmina | ||
| 245 | 0 | _aDetección y Prevención en el Aula de los Problemas del Adolescente | |
| 264 | _bPirámide | ||
| 942 | _cLIB | ||
| 999 |
_c9440 _d9440 |
||